Villes du monde par lettre - C - Statistiques

Statistiques générales
  • Ce quiz a été pris 97 fois
  • Le résultat moyen est 13 sur 20
Statistiques - réponses
Hint Réponse % Correct
Ancienne capitale de la Pologne, elle est considérée comme la plus belle ville du pays Cracovie
83%
Connue sous le nom d'Istanbul ou de Byzance Constantinople
82%
On y trouve la Petite Sirène sur son rocher Copenhague
81%
Ville abritant la deuxième plus vieille université d'Angleterre Cambridge
79%
Ville Mexicaine qui porte le nom d'une race de chien Chihuahua
74%
Edimbourg, Belfast et... Cardiff
73%
Chef-Lieu de l'Auvergne Clermont-Ferrand
73%
Désormais Kolkata Calcutta
71%
Ville la plus à l'est du Mexique Cancún
70%
Elle doit sa réputation au piment qui porte son nom Cayenne
70%
Capitale de cette géante île, elle n'est que neuvième en terme de population Canberra
69%
Surnommée "Ville Blanche", elle veut en réalité dire "Maison Blanche" Casablanca
64%
Ville chinoise la plus peuplée du monde (agglomération) Canton
60%
Plus grande ville de Sardaigne Cagliari
58%
Vile antique détruite par les Romains Carthage
56%
Deuxième capitale du Sri Lanka, avec Kotte Colombo
56%
Enclave Espagnole en territoire Africain Ceuta
53%
Capitale Inca Cuzco
46%
La ville aux cents clochers Caen
40%
Capitale de la Caroline du Sud Columbia
12%
Aucun quiz correspondant
Distribution des résultats
% des personnes avec chaque résultat
Percentile par nombre de réponses
Votre historique - résultats
Vous n’avez pas pris ce quiz